| 000 | 00661nam a2200253Ia 4500 | ||
|---|---|---|---|
| 003 | OSt | ||
| 005 | 20220924145705.0 | ||
| 006 | a|||||r|||| 00| 0 | ||
| 007 | ta | ||
| 008 | 220923b |||||||| |||| 00| 0 per d | ||
| 024 | _a329851 | ||
| 037 | _cTextual | ||
| 040 |
_aARTS _cARTS _bper |
||
| 041 |
_2per _aper |
||
| 082 | _aQ7:33, 164M3 | ||
| 100 |
_aKhargoshi Abu enged Au. _9220353 |
||
| 245 | 0 | _aSharfunnabi | |
| 260 | _c1983 | ||
| 650 |
_a PROPHETS _94238 |
||
| 650 |
_aISLAM _9577 |
||
| 700 |
_a Najmuddin Tr. _9220354 |
||
| 942 |
_hQ7:33, 164M3 _cTEXL _2CC |
||
| 999 |
_c460881 _d460881 |
||